埼玉県の難読地名 30コ - Statistics

General Stats
  • This quiz has been taken 104 times
  • The average score is 7 of 30
Answer Stats
漢字 回答 % Correct
越生 おごせ
88%
高麗 こま
81%
男衾 おぶすま
75%
弥勒 みろく
56%
仏子 ぶし
56%
矢颪 やおろし
38%
西遊馬 にしあすま
25%
箭弓 やきゅう
21%
栢間 かやま
21%
手計 てばか
19%
郭町 くるわまち
19%
文蔵 ぶぞう
19%
大豆戸 まめど
18%
椚平 くぬぎだいら
18%
釣上 かぎあげ
17%
風渡野 ふっとの
17%
円阿弥 えんなみ
17%
脚折 すねおり
17%
双柳 なみやなぎ
14%
礼羽 らいは
13%
下赤工 しもあかだくみ
10%
万吉 まげち
10%
猿田 やえんだ
8%
如意 ねおい
8%
榛松 はえまつ
7%
風布 ふうぷ
5%
靱負 ゆきえ
4%
神米金 かめがね
4%
蚊斗谷 かばかりや
1%
利田 かがた
1%
No matching quizzes found
Score Distribution
Percent of People with Each Score
Percentile by Number Answered
Your Score History
You have not taken this quiz